Paises que o Brasil ja fez Gol em Copa do Mundo - Statistics

Estatísticas Gerais
  • Esse quiz foi jogado 237 vezes
  • A pontuação média é 38 de 42
Respostas no mapa
Respostas codificadas por cores de uma escala verde-vermelha no mapa do quiz de acordo com a % correta abaixo.
 
Estatísticas das Respostas
Respostas % Correto
Argentina
100%
Estados Unidos
100%
Uruguai
100%
Espanha
99%
França
99%
Japao
98%
Mexico
98%
Portugal
98%
Alemanha
97%
Chile
97%
Italia
97%
Russia
97%
Suiça
97%
Belgica
96%
Suecia
96%
Australia
95%
Colombia
95%
Coreia do Sul
95%
Croacia
95%
Peru
95%
Paises Baixos
93%
Servia
93%
China
92%
Camarões
89%
Bolivia
88%
Dinamarca
88%
Reino Unido
88%
Costa Rica
87%
Noruega
87%
Polonia
87%
Turquia
87%
Marrocos
84%
Coreia do Norte
82%
Austria
81%
Hungria
81%
Gana
78%
Nova Zelandia
77%
Argelia
76%
Bulgaria
75%
Romenia
73%
Costa do Marfim
69%
Republica Democratica do Congo
60%
Nenhum quiz correspondente encontrado
Distribuição das Pontuações
Porcentagem de Pessoas com Cada Pontuação
Percentil de Números Respondidos
Sua Pontuação Histórica
Você não jogou esse quiz